INFORMATION systems research: relevant theory and informed practice: IFIP

Saved in:
Bibliographic Details
Format: Book
Language:English
Published: Kluwer Academic Publishers, 2004
Tags: Add Tag
No Tags, Be the first to tag this record!

MARC

LEADER 00000nam a22000007a 4500
008 210121b ||||| |||| 00| 0 eng d
020 |a 1-4026-8094-8  
245 |a INFORMATION systems research: relevant theory and informed practice:   |b IFIP  |c Bonnie Kaplan …[et. al.]  |e (IFIP - International Federation for Information Processing; 143)   |g xxiii, 741p. 
260 |b Kluwer Academic Publishers,   |c 2004  |h Boston:   |i 650784  |l T58.6 .In3  |m Management information systems - Congresses. 
942 |a lcc  |c BK  |e Ogunmilade F.T.  |f 21/1/2021 
999 |c 694  |d 694